| Tag |
First Indicator |
Second Indicator |
Subfields |
| LEADER |
00000pam a2200000 a 4500 |
| 001 |
in00000085707 |
| 005 |
20151008053250.0 |
| 008 |
811112s1982 nyua b 00110 eng |
| 010 |
|
|
|a 81019738
|
| 020 |
|
|
|a 0471095842
|
| 035 |
|
|
|a (OCoLC)07975274
|
| 035 |
|
|
|9 AAH6853AM
|
| 039 |
0 |
|
|a 2
|b 3
|c 3
|d 3
|e 3
|
| 040 |
|
|
|a DLC
|c DLC
|d TXA
|d UtOrBLW
|
| 049 |
|
|
|a TXAM
|c [388469]
|
| 050 |
0 |
0 |
|a QA640
|b L38 1982
|
| 082 |
0 |
|
|a 511.3/2
|2 19
|
| 100 |
1 |
|
|a Lay, Steven R.,
|d 1944-
|
| 245 |
1 |
0 |
|a Convex sets and their applications /
|c Steven R. Lay.
|
| 264 |
|
1 |
|a New York :
|b Wiley,
|c [1982]
|
| 264 |
|
4 |
|c ©1982
|
| 300 |
|
|
|a xvi, 244 pages :
|b illustrations ;
|c 25 cm.
|
| 336 |
|
|
|a text
|b txt
|2 rdacontent
|
| 337 |
|
|
|a unmediated
|b n
|2 rdamedia
|
| 338 |
|
|
|a volume
|b nc
|2 rdacarrier
|
| 490 |
1 |
|
|a Pure and applied mathematics,
|x 0079-8185
|
| 500 |
|
|
|a "A Wiley-Interscience publication."
|
| 500 |
|
|
|a Includes indexes.
|
| 504 |
|
|
|a Bibliography: pages 234-238.
|
| 650 |
|
0 |
|a Convex sets.
|
| 830 |
|
0 |
|a Pure and applied mathematics (John Wiley & Sons : Unnumbered)
|
| 999 |
|
|
|a MARS
|
| 999 |
f |
f |
|s 76da4250-490f-3a65-9ce5-9d0555693115
|i 61f20a33-2355-3806-8243-69b3dcc5c206
|t 0
|
| 952 |
f |
f |
|p normal
|a Texas A&M University
|b Galveston Campus
|c Jack K. Williams Library
|d Galveston Stacks
|t 0
|e QA640 .L38 1982
|h Library of Congress classification
|i unmediated -- volume
|m 33620000474441
|
| 952 |
f |
f |
|p normal
|a Texas A&M University
|b College Station
|c Sterling C. Evans Library
|d Evans: Library Stacks
|t 0
|e QA640 L38 1982
|h Library of Congress classification
|i unmediated -- volume
|m A14805951952
|
| 998 |
f |
f |
|a QA640 .L38 1982
|t 0
|l Galveston Stacks
|
| 998 |
f |
f |
|a QA640 L38 1982
|t 0
|l Evans: Library Stacks
|